000 00614nam a2200229Ia 4500
003 OSt
005 20220928102338.0
006 a|||||r|||| 00| 0
007 ta
008 220927b |||||||| |||| 00| 0 eng d
024 _a29957
037 _cTextual
040 _aSDCL
_cSDCL
_beng
041 _2eng
_aeng
082 _aO152,3M80:g, K8
100 _aMadan Indranath
_9397846
245 0 _aPremchandra
_b Ek vivechana.
260 _aDelhi
_bRaj Kamal Prakashan
_c1968
300 _a155p.
_ccm.
942 _hO152,3M80:g, K8
_cTEXL
_2CC
999 _c713666
_d713666